<?xml version="1.0" encoding="UTF-8"?>
<record
    xmlns:xsi="http://www.w3.org/2001/XMLSchema-instance"
    xsi:schemaLocation="http://www.loc.gov/MARC21/slim http://www.loc.gov/standards/marcxml/schema/MARC21slim.xsd"
    xmlns="http://www.loc.gov/MARC21/slim">

  <leader>01288nam a22002537a 4500</leader>
  <controlfield tag="005">20231102152001.0</controlfield>
  <controlfield tag="008">161006b20002009mx ||||| |||| 00| 0 spa d</controlfield>
  <datafield tag="020" ind1=" " ind2=" ">
    <subfield code="a">ISBN: 9789706135339</subfield>
  </datafield>
  <datafield tag="020" ind1=" " ind2=" ">
    <subfield code="a">ISBN: 9706135332</subfield>
  </datafield>
  <datafield tag="050" ind1=" " ind2=" ">
    <subfield code="a">KGF881</subfield>
    <subfield code="b">C57 2000</subfield>
  </datafield>
  <datafield tag="100" ind1=" " ind2=" ">
    <subfield code="a">Cisneros Rangel, Georgina</subfield>
  </datafield>
  <datafield tag="245" ind1=" " ind2=" ">
    <subfield code="a">Formulario especializado en arrendamiento inmobiliario</subfield>
    <subfield code="c"> / Georgina Cisneros Rangel / Enrique Feregrino Taboada</subfield>
  </datafield>
  <datafield tag="250" ind1=" " ind2=" ">
    <subfield code="a">1a. Edici&#xF3;n</subfield>
  </datafield>
  <datafield tag="260" ind1=" " ind2=" ">
    <subfield code="a">M&#xE9;xico</subfield>
    <subfield code="b">Oxford</subfield>
    <subfield code="c">2000</subfield>
  </datafield>
  <datafield tag="300" ind1=" " ind2=" ">
    <subfield code="a">xi, 160 P&#xE1;ginas</subfield>
  </datafield>
  <datafield tag="500" ind1=" " ind2=" ">
    <subfield code="a">Oriente:
Educaci&#xF3;n Mixta / Criminal&#xED;stica / Valuaci&#xF3;n de Bienes Inmuebles /(B12-2) / (22 001411)</subfield>
  </datafield>
  <datafield tag="504" ind1=" " ind2=" ">
    <subfield code="a">&#xCD;ndice del Contenido (pp.VII)}
Abreviaturas y siglas (pp.XI)
Comentarios pr&#xE1;cticos (pp.1)
Jurisprudencia (pp.111)
Glosario (pp.149)</subfield>
  </datafield>
  <datafield tag="505" ind1=" " ind2=" ">
    <subfield code="a">Diversos modelos de escritos utilizados en el juicio de arrendamiento
Modelos de actuaciones que se utilizan en el juzgado
Incidentes, apelaciones y amparo</subfield>
  </datafield>
  <datafield tag="519" ind1=" " ind2=" ">
    <subfield code="a">Educaci&#xF3;n Mixta / </subfield>
    <subfield code="b">Criminal&#xED;stica / </subfield>
    <subfield code="c">Valuaci&#xF3;n de Bienes Inmuebles /(B12-2) / </subfield>
    <subfield code="d">(22 001411)</subfield>
  </datafield>
  <datafield tag="650" ind1=" " ind2=" ">
    <subfield code="x">Criminal&#xED;stica</subfield>
    <subfield code="z">M&#xE9;xico</subfield>
  </datafield>
  <datafield tag="700" ind1=" " ind2=" ">
    <subfield code="a">Feregrino Taboada, Enrique </subfield>
    <subfield code="e">coautor</subfield>
  </datafield>
  <datafield tag="942" ind1=" " ind2=" ">
    <subfield code="c">LB</subfield>
    <subfield code="2">lcc</subfield>
  </datafield>
  <datafield tag="952" ind1=" " ind2=" ">
    <subfield code="0">0</subfield>
    <subfield code="1">0</subfield>
    <subfield code="2">lcc</subfield>
    <subfield code="4">0</subfield>
    <subfield code="7">0</subfield>
    <subfield code="a">22</subfield>
    <subfield code="b">22</subfield>
    <subfield code="d">2014-05-16</subfield>
    <subfield code="l">4</subfield>
    <subfield code="m">1</subfield>
    <subfield code="o">KGF881 C57 2000 	</subfield>
    <subfield code="p">22 001411</subfield>
    <subfield code="r">2023-01-16</subfield>
    <subfield code="s">2018-01-31</subfield>
    <subfield code="t">1</subfield>
    <subfield code="w">2016-10-06</subfield>
    <subfield code="y">LB</subfield>
  </datafield>
  <datafield tag="999" ind1=" " ind2=" ">
    <subfield code="c">101081</subfield>
    <subfield code="d">101081</subfield>
  </datafield>
</record>
